Monetárna a fiskálna politika so zameraním na i-tu krajinu Eurozóny
Možnosti kvantifikácie relácií output-inflácia v krajinách Eurozóny a v i-tej krajine. Reakcia outputu na fiškálnu politiku je zaujímavá a prináša zaujímavé poznatky o vzťahu monetárnej a fiškálnej politiky pri inflačnom cielení. Fiškálna politika má priamy vplyv na aktivity, ktoré ovplyvňujú inflá...
Gespeichert in:
| 1. Verfasser: | |
|---|---|
| Format: | Buchkapitel |
| Sprache: | Slowakisch |
| Schlagworte: | |
| Tags: |
Keine Tags, Fügen Sie das erste Tag hinzu!
|
MARC
| LEADER | 00000nla$a2200000$$$4500 | ||
|---|---|---|---|
| 001 | 0088509 | ||
| 005 | 20240502072007.3 | ||
| 041 | 0 | |a slo | |
| 044 | |a SK | ||
| 245 | 1 | 0 | |a Monetárna a fiskálna politika so zameraním na i-tu krajinu Eurozóny |c Zlatica Ivaničová |
| 520 | |a Možnosti kvantifikácie relácií output-inflácia v krajinách Eurozóny a v i-tej krajine. Reakcia outputu na fiškálnu politiku je zaujímavá a prináša zaujímavé poznatky o vzťahu monetárnej a fiškálnej politiky pri inflačnom cielení. Fiškálna politika má priamy vplyv na aktivity, ktoré ovplyvňujú infláciu. Pretože monetárne autority cielia infláciu, tento efekt je neutralizovaný cez funkciu reakcie monetárnej politiky. Pre priamy inflačný efekt fiškálnej politiky je reakcia monetárnej politiky rozdielna - ak fiškálna politika cez tento kanál zvyšuje infláciu, monetárna politika svojimi nástrojmi "uťahuje" ekonomiku a to vyvoláva zmenšovanie outputu. V prípade, že fiškálna politika vyvoláva pokles inflácie, monetárna politika podporuje rozmach ekonomiky. | ||
| 610 | 2 | 0 | |a politika fiškálna |
| 610 | 2 | 0 | |a cielenie inflácie |
| 610 | 2 | 0 | |a eurozóna |
| 100 | 1 | |a Ivaničová, Zlatica | |